Introducción /
Guardado en:
| Autor principal: | |
|---|---|
| Formato: | Texto |
| Materias: | |
| Etiquetas: |
Agregar Etiqueta
Sin Etiquetas, Sea el primero en etiquetar este registro!
|
MARC
| LEADER | 00000 a a2200000 04500 | ||
|---|---|---|---|
| 001 | 16137 | ||
| 003 | |||
| 040 | |||
| 100 | |a Nuhn, Helmut | ||
| 245 | |a Introducción / |c Helmut Nuhn | ||
| 650 | |a CONFLICTOS SOCIALES | ||
| 650 | |a MCCA | ||
| 650 | |a INVESTIGACION | ||
| 650 | |a ORGANIZACIONES INTERGUBERNAMENTALES | ||
| 650 | |a INTEGRACION REGIONAL | ||
| 773 | |g número 48; páginas 1-10 | ||
| 999 | |c 24970 |d 24970 | ||
